000 00431nam a22001577a 4500
003 macl
005 20221207162332.0
008 221207b |||||||| |||| 00| 0 eng d
040 _cmacl
082 _a910
100 _aदृष्टि The vision
_981593
245 _aभारतीय भूगोल Notes [13] 2020
260 _bदृष्टि The vision
_c2020
650 _aभूगोल
_981587
942 _2ddc
_cHIN
999 _c65735
_d65735